Computer networks : a systems approach (Record no. 11644)
[ view plain ]
| 000 -LEADER | |
|---|---|
| fixed length control field | 01229cam a2200349 a 4500 |
| 001 - CONTROL NUMBER | |
| control field | 14675825 |
| 005 - DATE AND TIME OF LATEST TRANSACTION | |
| control field | 20170105102345.0 |
| 008 - FIXED-LENGTH DATA ELEMENTS--GENERAL INFORMATION | |
| fixed length control field | 061219s2007 ne a b 001 0 eng |
| 010 ## - LIBRARY OF CONGRESS CONTROL NUMBER | |
| LC control number | 2006102454 |
| 015 ## - NATIONAL BIBLIOGRAPHY NUMBER | |
| National bibliography number | GBA707929 |
| Source | bnb |
| 016 7# - NATIONAL BIBLIOGRAPHIC AGENCY CONTROL NUMBER | |
| Record control number | 013655409 |
| Source | Uk |
| 020 ## - INTERNATIONAL STANDARD BOOK NUMBER | |
| International Standard Book Number | 9789380501932 |
| 020 ## - INTERNATIONAL STANDARD BOOK NUMBER | |
| International Standard Book Number | 0123705487 |
| 020 ## - INTERNATIONAL STANDARD BOOK NUMBER | |
| International Standard Book Number | 0123740134 |
| 035 ## - SYSTEM CONTROL NUMBER | |
| System control number | (OCoLC)ocm77486013 |
| 035 ## - SYSTEM CONTROL NUMBER | |
| System control number | (OCoLC)77486013 |
| 040 ## - CATALOGING SOURCE | |
| Original cataloging agency | DLC |
| Transcribing agency | DLC |
| Modifying agency | BAKER |
| -- | UKM |
| -- | BTCTA |
| -- | C#P |
| -- | YDXCP |
| -- | DLC |
| 050 00 - LIBRARY OF CONGRESS CALL NUMBER | |
| Classification number | TK5105.5 |
| Item number | .P479 2007 |
| 082 00 - DEWEY DECIMAL CLASSIFICATION NUMBER | |
| Classification number | 004.65 PET |
| Edition number | 22 |
| 100 1# - MAIN ENTRY--PERSONAL NAME | |
| Personal name | Peterson, Larry L. |
| 245 10 - TITLE STATEMENT | |
| Title | Computer networks : a systems approach |
| Remainder of title | a systems approach |
| Statement of responsibility, etc. | Larry L. Peterson & Bruce S. Davie. |
| 250 ## - EDITION STATEMENT | |
| Edition statement | 5th ed. |
| 260 ## - PUBLICATION, DISTRIBUTION, ETC. | |
| Place of publication, distribution, etc. | Boston : |
| Name of publisher, distributor, etc. | Morgan Kaufmann, |
| Date of publication, distribution, etc. | 2012. |
| 300 ## - PHYSICAL DESCRIPTION | |
| Extent | xxxi, 884 p. : |
| Dimensions | 25 cm. |
| 504 ## - BIBLIOGRAPHY, ETC. NOTE | |
| Bibliography, etc. note | Includes bibliographical references (p. [769]-783) and index. |
| 650 #0 - SUBJECT ADDED ENTRY--TOPICAL TERM | |
| Topical term or geographic name entry element | Computer networks. |
| 700 1# - ADDED ENTRY--PERSONAL NAME | |
| Personal name | Davie, Bruce S. |
| 856 42 - ELECTRONIC LOCATION AND ACCESS | |
| Materials specified | Publisher description |
| Uniform Resource Identifier | <a href="http://www.loc.gov/catdir/enhancements/fy0704/2006102454-d.html">http://www.loc.gov/catdir/enhancements/fy0704/2006102454-d.html</a> |
| 906 ## - LOCAL DATA ELEMENT F, LDF (RLIN) | |
| a | 7 |
| b | cbc |
| c | orignew |
| d | 1 |
| e | ecip |
| f | 20 |
| g | y-gencatlg |
| 942 ## - ADDED ENTRY ELEMENTS (KOHA) | |
| Source of classification or shelving scheme | |
| Koha item type | Book |
| Withdrawn status | Lost status | Damaged status | Not for loan | Collection code | Permanent Location | Current Location | Shelving location | Date acquired | Source of acquisition | Cost, normal purchase price | Total Checkouts | Total Renewals | Full call number | Barcode | Date last seen | Date last checked out | Price effective from | Koha item type |
|---|---|---|---|---|---|---|---|---|---|---|---|---|---|---|---|---|---|---|
| Central Library (CL) | Central Library (CL) | First Floor - Data Communication/Network/Architecture | 03/22/2013 | Allied Book Company | 692.64 | 5 | 1 | 004.65 PET | SEECS012131 | 06/03/2024 | 01/03/2020 | 03/25/2013 | Book | |||||
| Central Library (CL) | Central Library (CL) | First Floor - Data Communication/Network/Architecture | 03/22/2013 | Allied Book Company | 692.64 | 9 | 2 | 004.65 PET | SEECS012132 | 10/19/2024 | 10/12/2024 | 03/25/2013 | Book | |||||
| Central Library (CL) | Central Library (CL) | First Floor - Data Communication/Network/Architecture | 03/22/2013 | Allied Book Company | 692.64 | 2 | 004.65 PET | SEECS012134 | 01/20/2020 | 12/19/2019 | 03/25/2013 | Book | ||||||
| Central Library (CL) | Central Library (CL) | First Floor - Data Communication/Network/Architecture | 03/22/2013 | Allied Book Company | 692.64 | 1 | 004.65 PET | SEECS012135 | 01/14/2016 | 09/07/2015 | 03/25/2013 | Book |
